000
00216 a2200097 4500
001
49505
100
_a
Eliot
245
_a
Mill on the floss
260
_a
Glasgow
_b
Collins clear type press
_c
090
_c
32035
_d
32035
942
_a
NUST-CAE
_c
M
_c
24487
999
_c
284578
_d
284578